01349 a2200229 45000010006000000050017000060080041000230030015000640400040000790800027001192450048001460200022001942500012002162640034002283000019002625050644002810410008009251000029009337000034009627000028009968560095010244045520260407155658.0260407a2016 arg spa dAR-UNSa-BCEJYS aAR-UNSa-BCEJYSbspacAR-UNSa-BCEJYS a336.221xTributación10aProcedimiento fiscalpexplicado y comentado a978-987-01-1924-1 a9a. ed. 1aBuenos Aires :bErreparc2016 a230 p.c27 cm. a1. Procedimiento fiscal - 2. Interpretación de leyes tributarias - 3. Domicilio, términos y notificaciones - 4. Relación jurídico-Tributaria - 5. Liquidación y percepción de impuestos - 6. Extinción de la obligación tributaria - 7. Verificación y fiscalización - 8. Intereses, actualización e ilícitos tributarios - 9. Determinación de oficio - 10. Acción de repetición - 11. Recursos administrativos contra resoluciones de la AFIP - 12. Recursos y demandas ante la justicia - 13. Juicio de ejecución fiscal y pago provisorio de impuestos vencidos - 14. Tribunal fiscal de la nación: 149 a 199/Dr: 76 a 87 aspa1 aCeldeiro, Ernesto Carlos1 aGadea, María de los Angeles1 aImirizaldu, Juan José41uhttps://biblioeco.unsa.edu.ar/pmb/images/libros/L125917.jpgyImagen de portadaqimage/jpeg